000
00215nam a2200085Ia 4500
008
170620s9999 xx 000 0 und d
100
_a
Dr KAPOOR- S K
245
0
_a
INTERNATIONAL LAW AND HUMAN RIGHTS
260
_b
ALLAHABAD; C L P
260
_c
2007
999
_c
29270
_d
29270